000 00806nam a2200289Ia 4500
005 20260324120200.0
008 008 260324s9999 xx 000 0 eng d
020 _a9780429226120
037 _aEBOOK
040 _aCRL
040 _beng
040 _cCRL
041 _2eng
041 _aeng
084 _qCRL
100 _aKennis Chan
_91157558
245 0 _aNetwork Security and Communication Engineering
245 0 _bProceedings of the 2014 International Conference on Network Security and Communication Engineering (NSCE 2014), Hong Kong, December 25-26, 2014
260 _bTaylor and Francis
260 _c2015
365 _a
365 _b160
856 _uhttp://www.taylorfrancis.com/books/9780429226120
942 _cEBOOK
999 _c1748937
_d1748937